Organizaciones infantiles y juveniles de tiempo libre (Record no. 9368)

MARC details
000 -LEADER
campo de control de longitud fija 01293nam a2200421 a 4500
003 - IDENTIFICADOR DE NÚMERO DE CONTROL
campo de control AR-BaBNM
005 - FECHA Y HORA DE LA ÚLTIMA TRANSACCIÓN
campo de control 20251128204928.0
008 - DATOS DE LONGITUD FIJA--INFORMACIÓN GENERAL
campo de control de longitud fija 082120s2002 ||||||||||||||000 | spa||
020 ## - NÚMERO INTERNACIONAL ESTÁNDAR DEL LIBRO
Número Internacional Estándar del Libro 84-277-1064-X
040 ## - FUENTE DE CATALOGACIÓN
Centro/agencia transcriptor AR-BaBNM
245 00 - MENCIÓN DEL TÍTULO
Título Organizaciones infantiles y juveniles de tiempo libre
260 ## - PUBLICACIÓN, DISTRIBUCIÓN, ETC.
Lugar de publicación, distribución, etc. Madrid
Nombre del editor, distribuidor, etc. Narcea
Fecha de publicación, distribución, etc. 1994
300 ## - DESCRIPCIÓN FÍSICA
Extensión 231 p.
Otros detalles físicos tablas
490 #0 - MENCIÓN DE SERIE
Mención de serie Narcea sociocultural
500 ## - NOTA GENERAL
Nota general España. Fundació Serveis de Cultura Popular
500 ## - NOTA GENERAL
Nota general Esplai: actividades de tiempo libre para niños y jóvenes
500 ## - NOTA GENERAL
Nota general Barcelona. Movimiento de colonias escolares
500 ## - NOTA GENERAL
Nota general Indice de temas: p. 230-231
650 #4 - PUNTO DE ACCESO ADICIONAL DE MATERIA--TÉRMINO DE MATERIA
Término de materia o nombre geográfico como elemento de entrada EDUCACION Y TIEMPO LIBRE
650 #4 - PUNTO DE ACCESO ADICIONAL DE MATERIA--TÉRMINO DE MATERIA
Término de materia o nombre geográfico como elemento de entrada CENTROS DE ACTIVIDADES EXTRAESCOLARES
650 #4 - PUNTO DE ACCESO ADICIONAL DE MATERIA--TÉRMINO DE MATERIA
Término de materia o nombre geográfico como elemento de entrada ACTIVIDADES RECREATIVAS
650 #4 - PUNTO DE ACCESO ADICIONAL DE MATERIA--TÉRMINO DE MATERIA
Término de materia o nombre geográfico como elemento de entrada NIÑOS
650 #4 - PUNTO DE ACCESO ADICIONAL DE MATERIA--TÉRMINO DE MATERIA
Término de materia o nombre geográfico como elemento de entrada JUVENTUD
650 #4 - PUNTO DE ACCESO ADICIONAL DE MATERIA--TÉRMINO DE MATERIA
Término de materia o nombre geográfico como elemento de entrada ACTIVIDADES EN GRUPO
650 #4 - PUNTO DE ACCESO ADICIONAL DE MATERIA--TÉRMINO DE MATERIA
Término de materia o nombre geográfico como elemento de entrada CLUBES
650 #4 - PUNTO DE ACCESO ADICIONAL DE MATERIA--TÉRMINO DE MATERIA
Término de materia o nombre geográfico como elemento de entrada EDUCACION CRISTIANA
651 #4 - PUNTO DE ACCESO ADICIONAL DE MATERIA--NOMBRE GEOGRÁFICO
Nombre geográfico España
653 ## - TÉRMINO DE INDIZACIÓN--NO CONTROLADO
Término no controlado COLONIAS DE VACACIONES
700 1# - ENTRADA AGREGADA--NOMBRE PERSONAL
Nombre de persona Barba Boada, Carles
700 1# - ENTRADA AGREGADA--NOMBRE PERSONAL
Nombre de persona Batlle, J.
700 1# - ENTRADA AGREGADA--NOMBRE PERSONAL
Nombre de persona Batlle Suñer, Roser
700 1# - ENTRADA AGREGADA--NOMBRE PERSONAL
Nombre de persona Grau, S.
700 1# - ENTRADA AGREGADA--NOMBRE PERSONAL
Nombre de persona Pujol i Humet, Joseo Oriol
700 1# - ENTRADA AGREGADA--NOMBRE PERSONAL
Nombre de persona Quintana Cabanas, José María
Término indicativo de función/relación traductor
800 1# - PUNTO DE ACCESO ADICIONAL DE SERIE--NOMBRE DE PERSONA
Nombre de persona Quintana Cabanas, José María
Término indicativo de función/relación director
942 ## - ELEMENTOS DE ENTRADA SECUNDARIOS (KOHA)
Tipo de ítem Koha Libros
998 ## - INFORMACIÓN DE CONTROL LOCAL (RLIN)
Iniciales del catalogador, CIN (RLIN) silvi
Holdings
Estatus retirado Estado de pérdida Fuente de la clasificación o esquema de estantería Estado de daño No para préstamo Biblioteca de origen Biblioteca actual Fecha de adquisición Total de préstamos Signatura topográfica completa Código de barras Visto por última vez Precio de reemplazo Tipo de ítem Koha
    Clasificación Decimal Dewey     Liberty Liberty 28/11/2025   379.8 BAR 100343 28/11/2025 28/11/2025 Libros
    Clasificación Decimal Dewey     Liberty Liberty 28/11/2025   379.8 BAR 100344 28/11/2025 28/11/2025 Libros
    Clasificación Decimal Dewey     Liberty Liberty 28/11/2025   379.8 BAR 100345 28/11/2025 28/11/2025 Libros